<?xml version="1.0" encoding="UTF-8"?><?xml-stylesheet type="text/xsl" href="static/style.xsl"?><OAI-PMH xmlns="http://www.openarchives.org/OAI/2.0/" xmlns:xsi="http://www.w3.org/2001/XMLSchema-instance" xsi:schemaLocation="http://www.openarchives.org/OAI/2.0/ http://www.openarchives.org/OAI/2.0/OAI-PMH.xsd"><responseDate>2026-06-01T19:50:52Z</responseDate><request verb="GetRecord" identifier="oai:riuma.uma.es:10630/40979" metadataPrefix="marc">https://riuma.uma.es/rest/oai/request</request><GetRecord><record><header><identifier>oai:riuma.uma.es:10630/40979</identifier><datestamp>2026-02-03T10:56:25Z</datestamp><setSpec>com_10630_2254</setSpec><setSpec>col_10630_37953</setSpec></header><metadata><record xmlns="http://www.loc.gov/MARC21/slim" xmlns:dcterms="http://purl.org/dc/terms/" xmlns:doc="http://www.lyncode.com/xoai" xmlns:xsi="http://www.w3.org/2001/XMLSchema-instance" xsi:schemaLocation="http://www.loc.gov/MARC21/slim http://www.loc.gov/standards/marcxml/schema/MARC21slim.xsd">
   <leader>00925njm 22002777a 4500</leader>
   <datafield ind2=" " ind1=" " tag="042">
      <subfield code="a">dc</subfield>
   </datafield>
   <datafield ind2=" " ind1=" " tag="720">
      <subfield code="a">Prieto-Vega, Samuel</subfield>
      <subfield code="e">author</subfield>
   </datafield>
   <datafield ind2=" " ind1=" " tag="720">
      <subfield code="a">Berzal Herranz, Alfredo</subfield>
      <subfield code="e">author</subfield>
   </datafield>
   <datafield ind2=" " ind1=" " tag="720">
      <subfield code="a">Garrido, Juan José</subfield>
      <subfield code="e">author</subfield>
   </datafield>
   <datafield ind2=" " ind1=" " tag="720">
      <subfield code="a">Arias, Armando</subfield>
      <subfield code="e">author</subfield>
   </datafield>
   <datafield ind2=" " ind1=" " tag="720">
      <subfield code="a">Grande-Pérez, Ana</subfield>
      <subfield code="e">author</subfield>
   </datafield>
   <datafield ind2=" " ind1=" " tag="720">
      <subfield code="a">Fernández-Escamilla, Ana María</subfield>
      <subfield code="e">author</subfield>
   </datafield>
   <datafield ind2=" " ind1=" " tag="720">
      <subfield code="a">Montoya, María</subfield>
      <subfield code="e">author</subfield>
   </datafield>
   <datafield ind2=" " ind1=" " tag="260">
      <subfield code="c">2025</subfield>
   </datafield>
   <datafield ind2=" " ind1=" " tag="520">
      <subfield code="a">El virus del Nilo Occidental (WNV) es un ortoflavivirus transmitido por mosquitos cuyo ciclo de transmisión implica aves como reservorios y artrópodos vectores. Aunque no existen cifras globales exactas, estimaciones basadas en seroprevalencia indican entre 4 y 16 millones de infecciones al año. Con una mortalidad aproximada del 6–7% en los casos notificados, el WNV representa un desafío relevante para la salud pública.&#xd;
Esta revisión resume la biología molecular del WNV, abarcando la organización del genoma, la maduración proteica, los mecanismos de replicación y el papel de las regiones no traducidas y de las modificaciones postraduccionales en la adaptación viral. Se destaca la variabilidad genética intrahospedador y la naturaleza de cuasiespecie como elementos clave en la evasión inmunitaria y la evolución del virus.&#xd;
Asimismo, se analizan los factores ecológicos y epidemiológicos que influyen en su expansión, especialmente en el contexto del cambio climático y la alteración de la distribución de vectores. La revisión aborda también las manifestaciones clínicas, la patogénesis, los métodos diagnósticos y las estrategias terapéuticas actuales. Se describen enfoques emergentes de prevención y control, como la vigilancia entomológica, el desarrollo de vacunas y nuevos candidatos antivirales, incluidos péptidos dirigidos, anticuerpos y mutagénesis letal.&#xd;
El trabajo subraya la necesidad de sistemas de vigilancia integrados bajo el enfoque One Health y de acelerar el desarrollo de vacunas para reducir el riesgo de futuros brotes a nivel global.</subfield>
   </datafield>
   <datafield ind2=" " ind1=" " tag="520">
      <subfield code="a">West Nile virus (WNV) is a mosquito-borne orthoflavivirus whose transmission cycle involves birds as reservoirs and arthropod vectors. Although precise global figures are lacking, seroprevalence-based estimates suggest between 4 and 16 million infections annually. With an approximate mortality of 6–7% among reported cases, WNV remains a significant public health challenge.&#xd;
This review summarizes the molecular biology of WNV, including genome organization, protein maturation, replication mechanisms, and the roles of untranslated regions and post-translational modifications in viral adaptation. Intrahost genetic variability and the quasispecies nature of WNV are highlighted as key factors in immune evasion and viral evolution.&#xd;
The review also examines ecological and epidemiological drivers of WNV spread, particularly in the context of climate change and shifting vector distributions. Clinical manifestations, pathogenesis, diagnostic methods, and current therapeutic strategies are discussed. Emerging approaches for prevention and control are addressed, including entomological surveillance, vaccine development, and novel antiviral candidates such as targeted peptides, antibodies, and lethal mutagenesis.&#xd;
The work underscores the need for integrated One Health surveillance systems and accelerated vaccine development to mitigate the risk of future global outbreaks.</subfield>
   </datafield>
   <datafield ind1="8" ind2=" " tag="024">
      <subfield code="a">Frontiers in Celular and Infection Microbiology. 2025 Nov 5; 15:1690827</subfield>
   </datafield>
   <datafield ind1="8" ind2=" " tag="024">
      <subfield code="a">https://hdl.handle.net/10630/40979</subfield>
   </datafield>
   <datafield ind1="8" ind2=" " tag="024">
      <subfield code="a">10.3389/fcimb.2025.1690827</subfield>
   </datafield>
   <datafield tag="653" ind2=" " ind1=" ">
      <subfield code="a">Fiebre del Nilo occidental - Aspectos genéticos</subfield>
   </datafield>
   <datafield tag="653" ind2=" " ind1=" ">
      <subfield code="a">Enfermedades infecciosas - Transmisión</subfield>
   </datafield>
   <datafield ind2="0" ind1="0" tag="245">
      <subfield code="a">West Nile virus unmasked: from gene variability to future challenges</subfield>
   </datafield>
</record>
</metadata></record></GetRecord></OAI-PMH>